Name a Valid Leader of Every Country - Statistics

General Stats
  • This quiz has been taken 46 times
    7 since last reset
  • The average score is 87 of 205
Answer Stats
Country Leader % Correct
Italy (1946-?) Alcide De Gasperi / Giuseppe Pella / Amintore Fanfani / Mario Scelba / Antonio Segni / Adone Zoli / Amintore Fanfani / Fernando Tambroni / Giovanni Leone / Aldo Moro / Mariano Rumor / Emilio Colombo / Giulio Andreotti / Mariano Rumor / Francesco Cossiga / Arnaldo Forlani / Giovanni Spadolini / Bettino Craxi / Giovanni Goria / Ciriaco De Mita / Giuliano Amato / Carlo Azeglio Ciampi / Silvio Berlusconi / Lamberto Dini / Romano Prodi / Massimo D'Alema / Mario Monti / Enrico Letta / Matteo Renzi / Paolo Gentiloni / Giuseppe Conte / Mario Draghi / Giorgia Meloni
100%
Russia (1991-?) Boris Yeltsin / Alexander Rutskoy / Viktor Chernomyrdin / Vladimir Putin / Dmitry Medvedev
100%
France (1958-?) Charles de Gaulle / Alain Poher / Georges Pompidou / Valéry Giscard d'Estaing / François Mitterrand / Édouard Balladur / Jacques Chirac / Lionel Jospin / Nicolas Sarkozy / François Hollande / Emmanuel Macron
100%
Albania (1912-?) Ismail Qemali / Mufid Libohova / Turhan Përmeti / Essad Toptani / Sulejman Delvina / Ilias Vrioni / Pandeli Evangjeli / Qazim Koculi / Hasan Prishtina / Idhomen Kosturi / Xhafer Ypi / Ahmet Zogu / Shefqet Vërlaci / Fan Noli / Kostaq Kotta / Mehdi Frashëri / Mustafa Merlika-Kruja / Ekrem Libohova / Maliq Bushati / Rexhep Mitrovica / Fiqri Dine / Ibrahim Biçakçiu / Enver Hoxha / Adil Çarçani / Fatos Nano / Ylli Bufi / Vilson Ahmeti / Aleksandër Meksi / Bashkim Fino / Pandeli Majko / Ilir Meta / Sali Berisha / Edi Rama
100%
Cuba (1959-?) Fidel Castro / Raúl Castro / Miguel Díaz-Canel
100%
Japan (1885-?) Itō Hirobumi / Kuroda Kiyotaka / Sanjō Sanetomi / Yamagata Aritomo / Matsukata Masayoshi / Kuroda Kiyotaka / Ōkuma Shigenobu / Saionji Kinmochi / Katsura Tarō / Yamamoto Gonnohyōe / Terauchi Masatake / Hara Takashi / Uchida Kōsai / Takahashi Korekiyo / Katō Tomosaburō / Kiyoura Keigo / Katō Takaaki / Wakatsuki Reijirō / Tanaka Giichi / Hamaguchi Osachi / Kijūrō Shidehara / Inukai Tsuyoshi / Saitō Makoto / Keisuke Okada / Fumio Gotō / Kōki Hirota / Senjūrō Hayashi / Fumimaro Konoe / Kiichirō Hiranuma / Nobuyuki Abe / Mitsumasa Yonai / Fumimaro Konoe / Hideki Tōjō / Kuniaki Koiso / Kantarō Suzuki / Naruhiko Higashikuni / Kijūrō Shidehara / Shigeru Yoshida / Tetsu Katayama / Hitoshi Ashida / Ichirō Hatoyama / Tanzan Ishibashi / Nobusuke Kishi / Hayato Ikeda / Eisaku Satō / Kakuei Tanaka / Takeo Miki / Takeo Fukuda / Masayoshi Ōhira / Masayoshi Ito / Zenkō Suzuki / Yasuhiro Nakasone / Noboru Takeshita / Sōsuke Uno / Toshiki Kaifu / Kiichi Miyazawa / Morihiro Hosokawa / Tsutomu Hata / Tomiichi Murayama / Ryūtarō Hashimoto / Keizō Obuchi / Yoshirō Mori / Junichiro Koizumi / Shinzo Abe / Yasuo Fukuda / Tarō Asō / Yukio Hatoyama / Naoto Kan / Yoshihiko Noda / Yoshihide Suga / Fumio Kishida / Shigeru Ishiba / Sanae Takaichi
100%
India (1947-?) Jawaharlal Nehru / Gulzarilal Nanda / Lal Bahadur Shastri / Indira Gandhi / Morarji Desai / Charan Singh / Rajiv Gandhi / Vishwanath Pratap Singh / Chandra Shekhar / P. V. Narasimha Rao / Atal Bihari Vajpayee / H. D. Deve Gowda / Inder Kumar Gujral / Manmohan Singh / Narendra Modi
100%
North Korea (1948-?) Kim Il Sung / Kim Jong Il / Kim Jong Un
100%
Germany (1949-?) Konrad Adenauer / Ludwig Erhard / Kurt Georg Kiesinger / Willy Brandt / Walter Scheel / Helmut Schmidt / Helmut Kohl / Gerhard Schröder / Angela Merkel / Olaf Scholz / Friedrich Merz
100%
Saudi Arabia (1932-?) Abdulaziz bin Abdul Rahman Al Saud / Saud bin Abdulaziz Al Saud / Faisal bin Abdulaziz Al Saud / Khalid bin Abdulaziz Al Saud / Fahd bin Abdulaziz Al Saud / Abdullah bin Abdulaziz Al Saud / Salman bin Abdulaziz Al Saud / Mohammed bin Salman Al Saud
83%
Jordan (1946-?) Abdullah I / Talal I / Hussein I / Abdullah II
83%
Cameroon (1960-?) Ahmadou Ahidjo / Paul Biya
83%
Belarus (1994-?) Alexander Lukashenko
83%
Chile (1814-1814) (1817-?) Antonio José de Irisarri / Francisco de la Lastra / José Miguel Carrera / Bernardo O'Higgins / Agustín Eyzaguirre / Ramón Freire / Manuel Blanco Encalada / Ramón Freire / Francisco Antonio Pinto / Francisco Ramón Vicuña / José Tomás Ovalle y Bezanilla / Francisco Ruiz-Tagle Portales / Fernando Errázuriz Aldunate / Joaquín Prieto / Manuel Bulnes / Manuel Montt / José Joaquín Pérez / Federico Errázuriz Zañartu / Aníbal Pinto / Domingo Santa María / José Manuel Balmaceda / Claudio Vicuña Guerrero / Manuel Baquedano / Jorge Montt / Federico Errázuriz Echaurren / Aníbal Zañartu / Germán Riesco / Pedro Montt / Elías Fernández Albano / Emiliano Figueroa / Ramón Barros Luco / Juan Luis Sanfuentes / Arturo Alessandri / Luis Altamirano / Pedro Dartnell / Emilio Bello Codesido / Luis Barros Borgoño / Emiliano Figueroa / Carlos Ibáñez del Campo / Pedro Opaso / Juan Esteban Montero / Manuel Trucco / Arturo Puga / Carlos Dávila / Bartolomé Blanche / Abraham Oyanedel / Pedro Aguirre Cerda / Jerónimo Méndez / Juan Antonio Ríos / Alfredo Duhalde / Vicente Merino / Juan Antonio Iribarren / Gabriel González Videla / Carlos Ibáñez del Campo / Jorge Alessandri / Eduardo Frei Montalva / Salvador Allende / Augusto Pinochet / Patricio Aylwin / Eduardo Frei Ruiz-Tagle / Ricardo Lagos / Michelle Bachelet / Sebastián Piñera / Gabriel Boric / José Antonio Kast
83%
Argentina (1862-?) Bartolomé Mitre / Domingo Faustino Sarmiento / Nicolás Avellaneda / Julio Argentino Roca / Miguel Ángel Juárez Celman / Carlos Pellegrini / Luis Sáenz Peña / José Evaristo Uriburu / Julio Argentino Roca / Manuel Quintana / José Figueroa Alcorta / Roque Sáenz Peña / Victorino de la Plaza / Hipólito Yrigoyen / Marcelo Torcuato de Alvear / Enrique Martínez / José Félix Uriburu / Agustín Pedro Justo / Roberto Marcelino Ortiz / Ramón Castillo / Arturo Rawson / Pedro Pablo Ramírez / Edelmiro Julián Farrell / Juan Perón / Eduardo Lonardi / Pedro Eugenio Aramburu / Arturo Frondizi / José María Guido / Arturo Umberto Illia / Pascual Pistarini / Benigno Ignacio Varela / Adolfo Teodoro Álvarez / Juan Carlos Onganía / Pedro Alberto José Gnavi / Roberto Marcelo Levingston / Alejandro Agustín Lanusse / Héctor José Cámpora / Raúl Alberto Lastiri / Isabel Perón / Jorge Rafael Videla / Emilio Eduardo Massera / Orlando Ramón Agosti. / Jorge Rafael Videla / Roberto Eduardo Viola / Horacio Tomás Liendo / Carlos Lacoste / Leopoldo Galtieri / Alfredo Oscar Saint Jean / Reynaldo Bignone / Raúl Alfonsín / Carlos Menem / Fernando de la Rúa / Ramón Puerta / Adolfo Rodríguez Saá / Eduardo Camaño / Eduardo Duhalde / Néstor Kirchner / Cristina Fernández de Kirchner / Federico Pinedo / Mauricio Macri / Alberto Fernández / Javier Milei
83%
Mexico (1867-?) Benito Juárez / Sebastián Lerdo de Tejada / José María Iglesias / Porfirio Díaz / Juan N. Méndez / Manuel González Flores / Francisco León de la Barra / Francisco I. Madero / Pedro Lascuráin / Victoriano Huerta / Francisco S. Carvajal / Eulalio Gutiérrez / Roque González Garza / Francisco Lagos Cházaro / Venustiano Carranza / Adolfo de la Huerta / Álvaro Obregón / Plutarco Elías Calles / Emilio Portes Gil / Pascual Ortiz Rubio / Abelardo L. Rodríguez / Lázaro Cárdenas / Manuel Ávila Camacho / Miguel Alemán Valdés / Adolfo Ruiz Cortines / Adolfo López Mateos / Gustavo Díaz Ordaz / Luis Echeverría / José López Portillo / Miguel de la Madrid / Carlos Salinas de Gortari / Ernesto Zedillo / Vicente Fox / Felipe Calderón / Enrique Peña Nieto / Andrés Manuel López Obrador / Claudia Sheinbaum
83%
Israel (1948-?) David Ben-Gurion / Moshe Sharett / Levi Eshkol / Yigal Allon / Golda Meir / Yitzhak Rabin / Menachem Begin / Yitzhak Shamir / Shimon Peres / Benjamin Netanyahu / Ariel Sharon / Ehud Olmert / Naftali Bennett / Yair Lapid
83%
Brazil (1889-?) Deodoro da Fonseca / Floriano Peixoto / Prudente de Morais / Campos Sales / Rodrigues Alves / Afonso Pena / Nilo Peçanha / Hermes da Fonseca / Venceslau Brás / Delfim Moreira / Epitácio Pessoa / Artur Bernardes / Washington Luís / Getúlio Vargas / José Linhares / Eurico Dutra / Café Filho / Carlos Luz / Nereu Ramos / Juscelino Kubitschek / Jânio Quadros / Ranieri Mazzilli / João Goulart / Augusto Rademaker / Artur da Costa e Silva / Francisco de Assis Correia de Melo / Castelo Branco / Costa e Silva / Aurélio de Lira Tavares / Márcio de Sousa e Melo / Emílio Médici / Ernesto Geisel / João Figueiredo / José Sarney / Fernando Collor / Itamar Franco / Fernando Henrique Cardoso / Dilma Rousseff / Michel Temer / Jair Bolsonaro / Luiz Inácio Lula da Silva
83%
Australia (1901-?) Edmund Barton / Alfred Deakin / Chris Watson / George Reid / Andrew Fisher / Joseph Cook / Billy Hughes / Stanley Bruce / James Scullin / Joseph Lyons / Earle Page / Robert Menzies / Arthur Fadden / John Curtin / Frank Forde / Ben Chifley / Harold Holt / John McEwen / John Gorton / William McMahon / Gough Whitlam / Malcolm Fraser / Bob Hawke / Paul Keating / John Howard / Kevin Rudd / Julia Gillard / Tony Abbott / Malcolm Turnbull / Scott Morrison / Anthony Albanese
83%
Philippines (1899-1901) (1935-?) Emilio Aguinaldo / Manuel L. Quezon / Jorge B. Vargas / José Abad Santos / Jose P. Laurel / Sergio Osmeña / Manuel Roxas / Elpidio Quirino / Ramon Magsaysay / Carlos P. Garcia / Diosdado Macapagal / Ferdinand Marcos / Arturo Tolentino / Corazon Aquino / Fidel V. Ramos / Joseph Estrada / Gloria Macapagal Arroyo / Benigno Aquino III / Rodrigo Duterte / Bongbong Marcos
83%
Belgium (1831-?) Érasme-Louis Surlet de Chokier / Leopold I / Leopold II / Albert I / Léon Delacroix / Henry Carton de Wiart / Georges Theunis / Aloys Van de Vyvere / Prosper Poullet / Henri Jaspar / Jules Renkin / Charles de Broqueville / Paul van Zeeland / Paul-Émile Janson / Paul-Henri Spaak / Hubert Pierlot / Achille Van Acker / Camille Huysmans / Gaston Eyskens / Jean Duvieusart / Joseph Pholien / Jean Van Houtte / Théo Lefèvre / Pierre Harmel / Paul Vanden Boeynants / Edmond Leburton / Leo Tindemans / Wilfried Martens / Mark Eyskens / Jean-Luc Dehaene / Guy Verhofstadt / Yves Leterme / Herman Van Rompuy / Elio Di Rupo / Charles Michel / Sophie Wilmès / Alexander De Croo / Bart De Wever
83%
Spain (1873-1874) (1931-?) Estanislao Figueras / Francesc Pi i Margall / Nicolás Salmerón y Alonso / Emilio Castelar y Ripoll / Francisco Serrano / Niceto Alcalá-Zamora / Diego Martínez Barrio / Manuel Azaña / Segismundo Casado / José Miaja / Francisco Franco / Luis Carrero Blanco / Torcuato Fernández-Miranda / Carlos Arias Navarro / Fernando de Santiago / Adolfo Suárez / Leopoldo Calvo-Sotelo / Felipe González / José María Aznar / José Luis Rodríguez Zapatero / Mariano Rajoy / Pedro Sánchez
83%
Equatorial Guinea (1968-?) Francisco Macías Nguema / Teodoro Obiang Nguema Mbasogo
83%
United States (1789-?) George Washington / John Adams / Thomas Jefferson / James Madison / James Monroe / John Quincy Adams / Andrew Jackson / Martin Van Buren / William Henry Harrison / John Tyler / James K. Polk / Zachary Taylor / Millard Fillmore / Franklin Pierce / James Buchanan / Abraham Lincoln / Andrew Johnson / Ulysses S. Grant / Rutherford B. Hayes / James A. Garfield / Chester A. Arthur / Grover Cleveland / Benjamin Harrison / William McKinley / Theodore Roosevelt / William Howard Taft / Woodrow Wilson / Warren G. Harding / Calvin Coolidge / Herbert Hoover / Franklin D. Roosevelt / Harry S. Truman / Dwight D. Eisenhower / John F. Kennedy / Lyndon B. Johnson / Richard Nixon / Gerald Ford / Jimmy Carter / Ronald Reagan / George H. W. Bush / Bill Clinton / George W. Bush / Dick Cheney / Barack Obama / Donald Trump / Joe Biden / Kamala Harris
83%
Netherlands (1848-?) Gerrit Schimmelpenninck / Jacob de Kempenaer / Johan Rudolph Thorbecke / Floris Adriaan van Hall / Justinus van der Brugghen / Jan Jacob Rochussen / Jacob van Zuylen van Nijevelt / Schelto van Heemstra / Isaäc Dignus Fransen van de Putte / Julius van Zuylen van Nijevelt / Pieter Philip van Bosse / Gerrit de Vries / Jan Heemskerk / Jan Kappeyne van de Coppello / Theo van Lynden van Sandenburg / Jan Heemskerk / Aeneas Mackay / Gijsbert van Tienhoven / Joan Röell / Nicolaas Pierson / Abraham Kuyper / Theo de Meester / Theo Heemskerk / Pieter Cort van der Linden / Charles Ruijs de Beerenbrouck / Hendrikus Colijn / Dirk Jan de Geer / Pieter Sjoerds Gerbrandy / Willem Schermerhorn / Louis Beel / Willem Drees / Jan de Quay / Victor Marijnen / Jo Cals / Jelle Zijlstra / Piet de Jong / Barend Biesheuvel / Joop den Uyl / Dries van Agt / Ruud Lubbers / Wim Kok / Jan Peter Balkenende / Mark Rutte / Dick Schoof / Rob Jetten
83%
Rwanda (1962-?) Grégoire Kayibanda / Juvénal Habyarimana / Théodore Sindikubwabo / Pasteur Bizimungu / Paul Kagame
83%
Vietnam (1945-?) Hồ Chí Minh / Lê Duẩn / Trường Chinh / Nguyễn Văn Linh / Đỗ Mười / Lê Khả Phiêu / Nông Đức Mạnh / Nguyễn Phú Trọng / Tô Lâm
83%
Libya (1951-?) Idris I / Muammar al-Qaḏḏāfī / Mahmoud Jibril / Ali Tarhouni / Abdurrahim El-Keib / Ali Zeidan / Abdullah al-Theni / Ahmed Maiteeq / Omar al-Hassi / Khalifa al-Ghawil / Fayez al-Sarraj / Khalifa al-Ghawil / Abdul Hamid Dbeibeh / Khalifa Haftar / Fathi Bashagha / Osama Hammad
83%
Canada (1867-?) John A. Macdonald / Alexander Mackenzie / John Abbott / John Sparrow David Thompson / Mackenzie Bowell / Charles Tupper / Wilfrid Laurier / Robert Borden / Arthur Meighen / William Lyon Mackenzie King / R. B. Bennett / Louis St. Laurent / John Diefenbaker / Lester B. Pearson / Pierre Trudeau / Joe Clark / John Turner / Brian Mulroney / Kim Campbell / Jean Chrétien / Paul Martin / Stephen Harper / Justin Trudeau / Mark Carney
83%
Venezuela (1830-?) José Antonio Páez / Andrés Narvarte / José María Vargas / José María Carreño / Carlos Soublette / José Tadeo Monagas / José Gregorio Monagas / Pedro Gual / Julián Castro / Manuel Felipe de Tovar / Juan Crisóstomo Falcón / Manuel Ezequiel Bruzual / Guillermo Tell Villegas / José Ruperto Monagas / Antonio Guzmán / Francisco Linares / José Gregorio Valera / Joaquín Crespo / Hermógenes López / Juan Pablo Rojas / Raimundo Andueza / Guillermo Tell Villegas / Ignacio Andrade / Cipriano Castro / Juan Vicente Gómez / José Gil / Victorino Márquez / Juan Bautista Pérez / Eleazar López / Isaías Medina / Rómulo Betancourt / Rómulo Gallegos / Carlos Delgado / Germán Suárez / Marcos Pérez / Wolfgang Larrazábal / Edgar Sanabria / Raúl Leoni / Rafael Caldera / Carlos Andrés Pérez / Luis Herrera / Jaime Lusinchi / Octavio Lepage / Ramón J. Velásquez / Hugo Chávez / Nicolás Maduro / Delcy Rodríguez
83%
Peru (1821-?) José de San Martín / José de la Riva Agüero / José Bernardo de Tagle / Simón Bolívar / José de La Mar / Agustín Gamarra / Luis José de Orbegoso / Felipe Salaverry / Agustín Gamarra / Manuel Menéndez / Juan Francisco de Vidal / Manuel Ignacio de Vivanco / Ramón Castilla / José Rufino Echenique / Miguel de San Román / Juan Antonio Pezet / Mariano Ignacio Prado / Pedro Diez Canseco Corbacho / José Balta / Tomás Gutiérrez / Mariano Herencia Zevallos / Manuel Pardo y Lavalle / Luis La Puerta / Nicolás de Piérola / Francisco García Calderón / Lizardo Montero / Miguel Iglesias / Andrés Avelino Cáceres / Remigio Morales Bermúdez / Justiniano Borgoño / Eduardo López de Romaña / Manuel Candamo / Serapio Calderón / José Pardo y Barreda / Augusto Leguía / Guillermo Billinghurst / Óscar Benavides / Luis Miguel Sánchez Cerro / Manuel Prado Ugarteche / José Luis Bustamante y Rivero / Manuel Odría / Ricardo Pérez Godoy / Nicolás Lindley López / Fernando Belaúnde Terry / Juan Velasco Alvarado / Francisco Morales Bermúdez / Alan García / Alberto Fujimori / Valentín Paniagua / Alejandro Toledo / Ollanta Humala / Pedro Pablo Kuczynski / Martín Vizcarra / Manuel Merino / Francisco Sagasti / Pedro Castillo / Dina Boluarte / José Enrique Jerí / José María Balcázar
83%
Liberia (1848-?) Joseph Jenkins Roberts / Stephen Allen Benson / Daniel Bashiel Warner / James Spriggs Payne / Edward James Roye / Amos Herring / Charles Benedict Dunbar / Reginald A. Sherman / James Skivring Smith / Anthony W. Gardiner / Alfred Francis Russell / Hilary R. W. Johnson / Joseph James Cheeseman / William D. Coleman / Garretson W. Gibson / Arthur Barclay / Daniel Edward Howard / Charles D. B. King / Edwin Barclay / William Tubman / William Tolbert / Samuel Doe / Amos Sawyer / David D. Kpormakpor / Wilton G. S. Sankawulo / Ruth Perry / Charles Taylor / Moses Blah / Gyude Bryant / Ellen Johnson Sirleaf / George Weah / Joseph Boakai
83%
Pakistan (1947-?) Liaquat Ali Khan / Khawaja Nazimuddin / Mohammad Ali Bogra / Chaudhri Mohammad Ali / Huseyn Shaheed Suhrawardy / Ibrahim Ismail Chundrigar / Feroze Khan Noon / Mohammad Ayub Khan / Nurul Amin / Zulfikar Ali Bhutto / Muhammad Zia-ul-Haq / Benazir Bhutto / Ghulam Mustafa Jatoi / Nawaz Sharif / Moeenuddin Ahmad Qureshi / Malik Meraj Khalid / Pervez Musharraf / Mir Zafarullah Khan Jamali / Chaudhry Shujaat Hussain / Shaukat Aziz / Muhammad Mian Soomro / Yusuf Raza Gilani / Raja Pervaiz Ashraf / Mir Hazar Khan Khoso / Shahid Khaqan Abbasi / Nasirul Mulk / Imran Ahmed Khan Niazi / Shehbaz Sharif / Anwar-ul-Haq Kakar
83%
China (1949-?) Mao Zedong / Hua Guofeng / Deng Xiaoping / Jiang Zemin / Hu Jintao / Xi Jinping
83%
Hungary (1989-?) Miklós Németh / József Antall / Péter Boross / Gyula Horn / Viktor Orbán / Péter Medgyessy / Ferenc Gyurcsány / Gordon Bajnai
83%
Egypt (1953-?) Mohamed Naguib / Gamal Abdel Nasser / Anwar Sadat / Sufi Abu Taleb / Hosni Mubarak / Muhammad Hussein Tantawy / Mohamed Morsi / Adly Mansour / Abdel Fattah el-Sisi
83%
Vatican City (1929-?) Pius XI / Lorenzo Lauri / Pius XII / Benedetto Aloisi Masella / John XXIII / Paul VI / Jean-Marie Villot / John Paul I / John Paul II / Eduardo Martínez Somalo / Benedict XVI / Francis / Kevin Farrell / Leo XIV
83%
United Kingdom (1721-?) Robert Walpole / Spencer Compton / Henry Pelham / Thomas Pelham-Holles / William Cavendish / John Stuart / George Grenville / Charles Watson-Wentworth / William Pitt the Elder / Augustus FitzRoy / Frederick North / William Petty / William Cavendish-Bentinck / William Pitt the Younger / Henry Addington / William Grenville / Spencer Perceval / Robert Jenkinson / George Canning / Frederick John Robinson / Arthur Wellesley / Charles Grey / William Lamb / Robert Peel / John Russell / Edward Smith-Stanley / George Hamilton-Gordon / Henry John Temple / Benjamin Disraeli / William Ewart Gladstone / Robert Gascoyne-Cecil / Archibald Primrose / Arthur Balfour / Henry Campbell-Bannerman / Herbert Henry Asquith / David Lloyd George / Bonar Law / Stanley Baldwin / Ramsay MacDonald / Neville Chamberlain / Winston Churchill / Clement Attlee / Anthony Eden / Harold Macmillan / Alec Douglas-Home / Harold Wilson / Edward Heath / James Callaghan / Margaret Thatcher / John Major / Tony Blair / Gordon Brown / David Cameron / Theresa May / Boris Johnson / Liz Truss / Rishi Sunak / Keir Starmer
83%
Iran (1979-?) Ruhollah Khomeini / Ali Khamenei / Masoud Pezeshkian / Gholam-Hossein Mohseni-Eje'i / Alireza Arafi / Mojtaba Khamenei
83%
Indonesia (1945-?) Sukarno / Suharto / B. J. Habibie / Abdurrahman Wahid / Megawati Sukarnoputri / Susilo Bambang Yudhoyono / Joko Widodo / Prabowo Subianto
83%
Poland (1989-?) Tadeusz Mazowiecki / Wojciech Jaruzelski / Lech Wałęsa / Jan Krzysztof Bielecki / Jan Olszewski / Waldemar Pawlak / Hanna Suchocka / Józef Oleksy / Aleksander Kwaśniewski / Włodzimierz Cimoszewicz / Jerzy Buzek / Leszek Miller / Marek Belka / Kazimierz Marcinkiewicz / Lech Kaczyński / Jarosław Kaczyński / Donald Tusk / Bronisław Komorowski / Bogdan Borusewicz / Grzegorz Schetyna / Ewa Kopacz / Andrzej Duda / Beata Szydło / Mateusz Morawiecki
83%
Syria (1930-?) Taj al-Din al-Hasani / Léon Solomiac / Muhammad Ali Bey al-Abid / Hashim al-Atassi / Bahij al-Khatib / Khalid al-Azm / Jamil al-Ulshi / Ata Bey al-Ayyubi / Shukri al-Quwatli / Husni al-Za'im / Sami al-Hinnawi / Adib Shishakli / Fawzi Selu / Adib Shishakli / Maamun al-Kuzbari / Gamal Abdel Nasser / Izzat al-Nuss / Nazim al-Qudsi / Lu'ay al-Atassi / Amin al-Hafiz / Nureddin al-Atassi / Ahmad al-Khatib / Hafez al-Assad / Abdul Halim Khaddam / Bashar al-Assad / Ahmed al-Sharaa
83%
Burkina Faso (1983-?) Thomas Sankara / Blaise Compaoré / Honoré Traoré / Yacouba Isaac Zida / Michel Kafando / Gilbert Diendéré / Chérif Sy / Roch Marc Christian Kaboré / Paul-Henri Sandaogo Damiba / Ibrahim Traoré
83%
Iraq (1958-?) Abdul-Karim Qasim / Abdul Salam Arif / Abd al-Rahman al-Bazzaz / Abdul Rahman Arif / Ahmed Hassan al-Bakr / Saddam Hussein / Jay Garner / Paul Bremer / Ayad Allawi / Ibrahim al-Jaafari / Nouri al-Maliki / Haider al-Abadi / Adil Abdul-Mahdi / Mustafa Al-Kadhimi / Mohammed Shia' al-Sudani
67%
Bosnia and Herzegovina (1996-?) Alija Izetbegović / Halid Genjac / Beriz Belkić / Sulejman Tihić / Haris Silajdžić / Bakir Izetbegović / Šefik Džaferović / Denis Bećirović / Krešimir Zubak / Ante Jelavić / Jozo Križanović / Dragan Čović / Ivo Miro Jović / Željko Komšić / Momčilo Krajišnik / Živko Radišić / Mirko Šarović / Borislav Paravac / Nebojša Radmanović / Mladen Ivanić / Milorad Dodik / Željka Cvijanović / Carl Bildt / Carlos Westendorp / Wolfgang Petritsch / Paddy Ashdown / Christian Schwarz-Schilling / Miroslav Lajčák / Valentin Inzko / Christian Schmidt
67%
Zimbabwe (1980-?) Canaan Banana / Robert Mugabe / Phelekezela Mphoko / Emmerson Mnangagwa
67%
Taiwan (1949-?) Chiang Kai-shek / Li Zongren / Yen Chia-kan / Chiang Ching-kuo / Lee Teng-hui / Chen Shui-bian / Ma Ying-jeou / Tsai Ing-wen / Lai Ching-te
67%
Central African Republic (1960-?) David Dacko / Jean-Bédel Bokassa / André Kolingba / Ange-Félix Patassé / François Bozizé / Michel Djotodia / Alexandre-Ferdinand Nguendet / Catherine Samba-Panza / Faustin-Archange Touadéra
67%
Uganda (1963-?) Edward Mutesa II / Milton Obote / Idi Amin / Yusuf Lule / Godfrey Binaisa / Paulo Muwanga / Bazilio Olara-Okello / Tito Okello / Yoweri Kaguta Museveni
67%
Nicaragua (1854-?) Fruto Chamorro / José María Estrada / Patricio Rivas / William Walker / Máximo Jerez / Tomás Martínez / Fernando Guzmán Solórzano / José Vicente Cuadra / Pedro Joaquín Chamorro Alfaro / Joaquín Zavala / Adán Cárdenas / Evaristo Carazo / Nicolás Osorno / Roberto Sacasa / Ignacio Chaves Tellería / Salvador Machado / José Santos Zelaya / José Madriz / José Dolores Estrada / Luis Mena / Juan José Estrada / Adolfo Díaz / Emiliano Chamorro Vargas / Diego Manuel Chamorro / Rosendo Chamorro / Bartolomé Martínez / Carlos José Solórzano / Sebastián Uriza / José María Moncada / Juan Bautista Sacasa / Carlos Alberto Brenes / Anastasio Somoza García / Leonardo Argüello Barreto / Benjamín Lacayo Sacasa / Víctor Manuel Román y Reyes / Manuel Fernando Zurita / Luis Somoza Debayle / René Schick / Orlando Montenegro Medrano / Lorenzo Guerrero / Anastasio Somoza Debayle / Francisco Urcuyo / Daniel Ortega / Violeta Chamorro / Arnoldo Alemán / Enrique Bolaños / Rosario Murillo
67%
South Africa (1961-?) Hendrik Frensch Verwoerd / Balthazar Johannes Vorster / Pieter Willem Botha / Jan Christiaan Heunis / Frederik Willem de Klerk / Nelson Mandela / Thabo Mbeki / Ivy Matsepe-Casaburri / Kgalema Motlanthe / Jacob Zuma / Cyril Ramaphosa / Angie Motshekga
67%
Kenya (1964-?) Jomo Kenyatta / Daniel arap Moi / Mwai Kibaki / Uhuru Kenyatta / William arap Ruto
67%
Liechtenstein (1719-?) Joseph Johann Adam / Johann Nepomuk Karl / Joseph Wenzel I / Franz Joseph I / Aloys I / Johann I Joseph / Aloys II / Johann II / Franz I / Franz Joseph II / Hans-Adam II / Alois III
67%
New Zealand (1907-?) Joseph Ward / Thomas Mackenzie / William Massey / Francis Bell / Gordon Coates / George Forbes / Michael Joseph Savage / Peter Fraser / Sidney Holland / Keith Holyoake / Walter Nash / Jack Marshall / Norman Kirk / Hugh Watt / Bill Rowling / Robert Muldoon / David Lange / Geoffrey Palmer / Mike Moore / Jim Bolger / Jenny Shipley / Helen Clark / John Key / Bill English / Jacinda Ardern / Chris Hipkins / Christopher Luxon
67%
Ghana (1960-?) Kwame Nkrumah / Joseph Arthur Ankrah / Akwasi Afrifa / Nii Amaa Ollennu / Edward Akufo-Addo / Ignatius Kutu Acheampong / Fred Akuffo / Hilla Limann / Jerry Rawlings / John Kufuor / John Atta Mills / John Mahama / Nana Akufo-Addo
67%
Democratic Republic of the Congo (1997-?) Laurent-Désiré Kabila / Joseph Kabila / Félix Tshisekedi
67%
Ukraine (1991-?) Leonid Kravchuk / Leonid Kuchma / Viktor Yushchenko / Viktor Yanukovych / Oleksandr Turchynov / Petro Poroshenko / Volodymyr Zelenskyy
67%
Gabon (1960-?) Léon M'ba / Omar Bongo / Didjob Divungi Di Ndinge / Rose Francine Rogombé / Ali Bongo / Brice Oligui Nguema
67%
Bolivia (1868-?) Mariano Melgarejo / Agustín Morales / Juan de Dios Bosque / Tomás Frías / Adolfo Ballivián / Hilarión Daza / Pedro José de Guerra / Serapio Reyes Ortiz / Narciso Campero / Gregorio Pacheco / Aniceto Arce / Mariano Baptista / Severo Fernández / José Manuel Pando / Ismael Montes / Eliodoro Villazón / José Gutiérrez Guerra / Bautista Saavedra / Felipe Segundo Guzmán / Hernando Siles Reyes / Germán Antelo Arauz / David Toro / Carlos Blanco Galindo / Daniel Salamanca / José Luis Tejada Sorzano / José Luis Tejada Sorzano / Germán Busch / Carlos Quintanilla / Enrique Peñaranda / Gualberto Villarroel / Dámaso Arenas / Néstor Guillén / Tomás Monje / Enrique Hertzog / Mamerto Urriolagoitía / Hugo Ballivián / Víctor Paz Estenssoro / Hernán Siles Zuazo / René Barrientos / Luis Adolfo Siles Salinas / Alfredo Ovando Candía / Rogelio Miranda / Juan José Torres / Hugo Banzer / Víctor González Fuentes / Juan Pereda / David Padilla / Wálter Guevara / Alberto Natusch / Lidia Gueiler / Luis García Meza / Celso Torrelio / Ángel Mariscal / Natalio Morales / Óscar Pammo Rodríguez / Guido Vildoso / Jaime Paz Zamora / Gonzalo Sánchez de Lozada / Jorge Quiroga / Carlos Mesa / Eduardo Rodríguez Veltzé / Evo Morales / Jeanine Áñez / Luis Arce / Rodrigo Paz Pereira
67%
Turkey (1923-?) Mustafa Kemal Atatürk / Abdülhalik Renda / İsmet İnönü / Celâl Bayar / Cemal Gürsel / İbrahim Şevki Atasagun / Cevdet Sunay / Tekin Arıburun / Fahri Korutürk / İhsan Sabri Çağlayangil / Kenan Evren / Turgut Özal / Hüsamettin Cindoruk / Süleyman Demirel / Ahmet Necdet Sezer / Abdullah Gül / Recep Tayyip Erdoğan
67%
Nigeria (1963-?) Nnamdi Azikiwe / Johnson Aguiyi-Ironsi / Yakubu Gowon / Murtala Muhammed / Olusegun Obasanjo / Shehu Shagari / Muhammadu Buhari / Ibrahim Babangida / Ernest Shonekan / Sani Abacha / Abdulsalami Abubakar / Umaru Musa Yar'Adua / Goodluck Jonathan / Bola Tinubu
67%
Portugal (1834-?) Pedro de Sousa Holstein / Vitório Maria de Sousa Coutinho / João Carlos de Saldanha Oliveira e Daun / José Jorge Loureiro / António José Severim de Noronha / José da Gama Carneiro e Sousa / José Bernardino de Portugal e Castro / Bernardo de Sá Nogueira de Figueiredo / António Dias de Oliveira / Rodrigo Pinto Pizarro de Almeida Carvalhais / José Lúcio Travassos Valdez / Joaquim António de Aguiar / António Bernardo da Costa Cabral / Nuno José Severo de Mendonça Rolim de Moura Barreto / António José de Ávila / António Maria de Fontes Pereira de Melo / Anselmo José Braamcamp de Almeida Castelo Branco / António Rodrigues Sampaio / José Luciano de Castro Pereira Côrte-Real / António de Serpa Pimentel / João Crisóstomo de Abreu e Sousa / José Dias Ferreira / Ernesto Rodolfo Hintze Ribeiro / João Ferreira Franco Pinto Castelo-Branco / Francisco Joaquim Ferreira do Amaral / Artur Alberto de Campos Henriques / Sebastião Custódio de Sousa Teles / Venceslau de Sousa Pereira de Lima / Francisco António da Veiga Beirão / António Teixeira de Sousa / Joaquim Teófilo Fernandes Braga / João Pinheiro Chagas / Augusto César de Almeida de Vasconcelos Correia / Duarte Leite Pereira da Silva / Afonso Augusto da Costa / Bernardino Luís Machado Guimarães / Victor Hugo de Azevedo Coutinho / Joaquim Pereira Pimenta de Castro / João Pinheiro Chagas / José Augusto Soares Ribeiro de Castro / António José de Almeida / José Maria Mendes Ribeiro Norton de Matos / Sidónio Bernardino Cardoso da Silva Pais / João do Canto e Castro da Silva Antunes Júnior / João Tamagnini de Sousa Barbosa / José Maria Mascarenhas Relvas / Domingos Leite Pereira / Alfredo Ernesto de Sá Cardoso / Francisco José Fernandes Costa / António Maria Baptista / José Ramos Preto / António Maria da Silva / António Joaquim Granjo / Álvaro Xavier de Castro / Liberato Damião Ribeiro Pinto / Tomé José de Barros Queirós / António Manuel Maria Coelho / Carlos Henrique da Silva Maia Pinto / Francisco Pinto da Cunha Leal / António Ginestal Machado / Alfredo Rodrigues Gaspar / José Domingues dos Santos / Vitorino Máximo de Carvalho Guimarães / José Mendes Cabeçadas Júnior / Manuel de Oliveira Gomes da Costa / António Óscar Fragoso Carmona / José Vicente de Freitas / Artur Ivens Ferraz / Domingos Augusto Alves da Costa e Oliveira / António de Oliveira Salazar / Marcello José das Neves Alves Caetano / Adelino da Palma Carlos / Vasco dos Santos Gonçalves / José Baptista Pinheiro de Azevedo / Vasco Fernando Leotte de Almeida e Costa / Pinheiro de Azevedo / Mário Alberto Nobre Lopes Soares / Alfredo Jorge Nobre da Costa / Carlos Alberto da Mota Pinto / Maria de Lourdes Ruivo da Silva de Matos Pintasilgo / Francisco Manuel Lumbrales de Sá Carneiro / Diogo Pinto de Freitas do Amaral / Francisco José Pereira Pinto Balsemão / Aníbal António Cavaco Silva / António Manuel de Oliveira Guterres / José Manuel Durão Barroso / Pedro Miguel de Santana Lopes / José Sócrates de Carvalho Pinto de Sousa / Pedro Manuel Mamede Passos Coelho / António Luís Santos da Costa / Luís Filipe Montenegro Cardoso de Morais Esteves
67%
Colombia (1886-?) Rafael Núñez Moledo / José María Campo Serrano / Eliseo Payán Hurtado / Carlos Holguín Mallarino / Miguel Antonio Caro Tobar / Antonio Basilio Cuervo Urisarri / Guillermo Quintero Calderón / Manuel Antonio Sanclemente Sanclemente / José Manuel Marroquín Ricaurte / Rafael Reyes Prieto / Diego Euclides de Angulo Lemos / Jorge Holguín Mallarino / Ramón González Valencia / Carlos Eugenio Restrepo Restrepo / José Vicente Concha Ferreira / Marco Fidel Suárez / Jorge Holguín Mallarino / Pedro Nel Ospina Vázquez / Miguel Abadía Méndez / Enrique Olaya Herrera / Alfonso López Pumarejo / Eduardo Santos Montejo / Alberto Lleras Camargo / Mariano Ospina Pérez / Laureano Gómez Castro / Gustavo Rojas Pinilla / Alberto Lleras Camargo / Carlos Lozano y Lozano / Darío Echandía Olaya / Roberto Urdaneta Arbeláez / Gabriel París Gordillo / Guillermo León Valencia Muñoz / José Antonio Montalvo Berbeo / Carlos Lleras Restrepo / Misael Pastrana Borrero / Rafael Azuero Manchola / Alfonso López Michelsen / Indalecio Liévano Aguirre / Julio César Turbay Ayala / Víctor Mosquera Chaux / Belisario Betancur Cuartas / Virgilio Barco Vargas / César Gaviria Trujillo / Ernesto Samper Pizano / Carlos Lemos Simmonds / Andrés Pastrana Arango / Álvaro Uribe Vélez / Juan Manuel Santos Calderón / Iván Duque Márquez / Gustavo Petro Urrego
67%
South Korea (1948-?) Syngman Rhee / Ho Chong / Kwak Sang-hoon / Baek Nak-jun / Yun Po-sun / Park Chung Hee / Choi Kyu-hah / Park Choong-hoon / Chun Doo-hwan / Roh Tae-woo / Kim Young-sam / Kim Dae-jung / Roh Moo-hyun / Lee Myung-bak / Park Geun-hye / Hwang Kyo-ahn / Moon Jae-in / Yoon Suk Yeol / Han Duck-soo / Choi Sang-mok / Lee Ju-ho / Lee Jae-myung
67%
Bangladesh (1970-?) Tajuddin Ahmad / Sheikh Mujibur Rahman / Muhammad Mansur Ali / Mashiur Rahman / Shah Azizur Rahman / Ataur Rahman Khan / Mizanur Rahman Chowdhury / Moudud Ahmed / Kazi Zafar Ahmed / Khaleda Zia / Muhammad Habibur Rahman / Sheikh Hasina / Latifur Rahman / Iajuddin Ahmed / Fazlul Haque / Fakhruddin Ahmed / Muhammad Yunus / Tarique Rahman
67%
Slovakia (1993-?) Vladimír Mečiar / Jozef Moravčík / Mikuláš Dzurinda / Robert Fico / Iveta Radičová / Peter Pellegrini / Igor Matovič / Eduard Heger / Ľudovít Ódor
67%
Palestine / West Bank (1989-?) Yasir Arafat / Rawhi Fatuh / Mahmoud Abbas
67%
Denmark (1849-?) Adam Wilhelm Moltke / Christian Albrecht Bluhme / Anders Sandøe Ørsted / Peter Georg Bang / Carl Christoffer Georg Andræ / Carl Christian Hall / Carl Edvard Rotwitt / Carl Frederik Blixen-Finecke / Ditlev Gothard Monrad / Christian Emil Krag-Juel-Vind-Frijs / Ludvig Holstein-Holsteinborg / Christen Andreas Fonnesbech / Jacob Brønnum Scavenius Estrup / Tage Reedtz-Thott / Hugo Egmont Hørring / Hannibal Sehested / Johan Henrik Deuntzer / Jens Christian Christensen / Niels Neergaard / Ludvig Holstein-Ledreborg / Carl Theodor Zahle / Klaus Berntsen / Otto Liebe / Michael Pedersen Friis / Thorvald Stauning / Thomas Madsen-Mygdal / Vilhelm Buhl / Erik Scavenius / Knud Kristensen / Hans Hedtoft / Erik Eriksen / H. C. Hansen / Viggo Kampmann / Jens Otto Krag / Hilmar Baunsgaard / Anker Jørgensen / Poul Hartling / Poul Schlüter / Poul Nyrup Rasmussen / Anders Fogh Rasmussen / Lars Løkke Rasmussen / Helle Thorning-Schmidt / Mette Frederiksen
50%
Angola (1975-?) Agostinho Neto / José Eduardo dos Santos / João Lourenço
50%
Qatar (1971-?) Ahmad bin Ali Al Thani / Khalifa bin Hamad Al Thani / Hamad bin Khalifa Al Thani / Tamim bin Hamad Al Thani
50%
Algeria (1963-?) Aḥmad bin Billah / Houari Boumédiène / Rabah Bitat / Chadli Bendjedid / Abdelmalek Benhabyles / Mohamed Boudiaf / Ali Kafi / Liamine Zéroual / Abdelaziz Bouteflika / Abdelkader Bensalah / Abdelmadjid Tebboune
50%
El Salvador (1982-?) Álvaro Magaña / José Napoleón Duarte / Alfredo Cristiani / Armando Calderón Sol / Armando Calderón Sol / Antonio Saca / Mauricio Funes / Salvador Sánchez Cerén / Nayib Bukele / Claudia Rodríguez de Guevara
50%
Azerbaijan (1990-?) Ayaz Mutallibov / Yagub Mammadov / Isa Gambar / Abulfaz Elchibey / Heydar Aliyev / Ilham Aliyev
50%
Serbia (2006-?) Boris Tadić / Slavica Đukić Dejanović / Tomislav Nikolić / Aleksandar Vučić
50%
Estonia (1990-?) Edgar Savisaar / Tiit Vähi / Mart Laar / Andres Tarand / Mart Siimann / Siim Kallas / Juhan Parts / Andrus Ansip / Taavi Rõivas / Jüri Ratas / Kaja Kallas / Kristen Michal
50%
Guyana (1970-?) Forbes Burnham / Desmond Hoyte / Cheddi Jagan / Sam Hinds / Janet Jagan / Bharrat Jagdeo / Donald Ramotar / David Granger / Irfaan Ali
50%
Chad (1960-?) François Tombalbaye / Noël Milarew Odingar / Félix Malloum / Goukouni Oueddei / Lol Mahamat Choua / Hissène Habré / Idriss Déby / Mahamat Déby
50%
Haiti (1986-?) Henri Namphy / Leslie Manigat / Prosper Avril / Hérard Abraham / Ertha Pascal-Trouillot / Jean-Bertrand Aristide / Raoul Cédras / Joseph Nérette / Marc Bazin / Émile Jonassaint / René Préval / Boniface Alexandre / Michel Martelly / Evans Paul / Jocelerme Privert / Jovenel Moïse / Claude Joseph / Ariel Henry / Edgard Leblanc Fils / Leslie Voltaire / Fritz Jean / Laurent Saint-Cyr / Alix Didier Fils-Aimé
50%
Eritrea (1991-?) Isaias Afwerki
50%
Sudan (1958-?) Ismail al-Azhari / Abdallah Khalil / Ibrahim Abboud / Sirr Al-Khatim Al-Khalifa / Ibrahim Yusuf Sulayman / Mubarak Shadad / Abdelfatah Elmagrabi / Tigani El Mahi / Luigi Adwok Bong Gicomeho / Abdel Halim Mohamed / Muhammad Ahmad Mahgoub / Sadiq al-Mahdi / Ismail al-Azhari / Gaafar Nimeiry / Abdel Rahman Swar al-Dahab / Ahmed al-Mirghani / Omar al-Bashir / Ahmed Awad Ibn Auf / Abdel Fattah al-Burhan
50%
Gaza Strip (2007-?) Ismail Haniyeh / Yahya Sinwar / Khaled Mashal / Khalil al-Hayya / Zaher Jabarin / Muhammad Ismail Darwish / Mohammed Sinwar / Izz al-Din al-Haddad
50%
Dominican Republic (1966-?) Joaquín Balaguer / Antonio Guzmán Fernández / Jacobo Majluta Azar / Salvador Jorge Blanco / Joaquín Balaguer / Leonel Fernández / Hipólito Mejía / Danilo Medina / Luis Abinader
50%
Honduras (1839-?) Juan Francisco de Molina / Felipe Neri Medina / Juan José Alvarado / José María Guerrero / Mariano Garrigó / José María Bustillo / Francisco Zelaya y Ayes / Francisco Ferrera / Coronado Chávez / Juan Lindo / Francisco Gómez / José Trinidad Cabañas / José Santiago Bueso / Francisco de Aguilar / José Santos Guardiola / José Francisco Montes / Victoriano Castellanos / José María Medina / Francisco Inestroza / Francisco Cruz Castro / Céleo Arias / Ponciano Leiva / Marcelino Mejía / Crescencio Gómez / Marco Aurelio Soto / Luis Bográn / Domingo Vásquez / Policarpo Bonilla / Terencio Sierra / Juan Ángel Arias Boquín / Manuel Bonilla / Miguel Oquelí Bustillo / Miguel R. Dávila / Francisco Bertrand / Salvador Aguirre / Vicente Mejía Colindres / Francisco Bográn / Rafael López Gutiérrez / Francisco Bueso / Tiburcio Carías Andino / Vicente Tosta / Miguel Paz Barahona / Juan Manuel Gálvez / Julio Lozano Díaz / Ramón Villeda Morales / Oswaldo López Arellano / Ramón Ernesto Cruz Uclés / Juan Alberto Melgar Castro / Policarpo Paz García / Roberto Suazo Córdova / José Azcona del Hoyo / Rafael Leonardo Callejas Romero / Carlos Roberto Reina / Carlos Roberto Flores / Ricardo Maduro / Manuel Zelaya / Roberto Micheletti / Porfirio Lobo Sosa / Juan Orlando Hernández / Xiomara Castro / Nasry Asfura
50%
Austria (1945-?) Karl Renner / Leopold Figl / Julius Raab / Alfons Gorbach / Josef Klaus / Bruno Kreisky / Fred Sinowatz / Franz Vranitzky / Viktor Klima / Wolfgang Schüssel / Alfred Gusenbauer / Werner Faymann / Reinhold Mitterlehner / Christian Kern / Sebastian Kurz / Hartwig Löger / Brigitte Bierlein / Alexander Schallenberg / Karl Nehammer / Christian Stocker
50%
Singapore (1959-?) Lee Kuan Yew / Goh Chok Tong / Lee Hsien Loong / Lawrence Wong
50%
Monaco (1662-?) Louis I / Antonio I / Louise Hippolyte / Jacques I / Honoré III / Joseph Barriera / Armand Louis de Gontaut / Henri Grégoire / Grégoire Marie Jagot / Honoré IV / Honoré V / Florestan / Charles III / Albert I / Louis II / Rainier III / Albert II
50%
Guatemala (1839-?) Mariano Rivera Paz / José Venancio López / Rafael Carrera / Juan Antonio Martínez / José Bernardo Escobar / Mariano Paredes / Pedro de Aycinena y Piñol / Vicente Cerna Sandoval / Miguel García Granados / Justo Rufino Barrios / Alejandro M. Sinibaldi / Manuel Barillas / José María Reina Barrios / Manuel Estrada Cabrera / Carlos Herrera / José María Orellana / Lázaro Chacón González / Baudilio Palma / Manuel María Orellana Contreras / José María Reina Andrade / Jorge Ubico / Juan Federico Ponce Vaides / Juan José Arévalo / Jacobo Árbenz / Carlos Enrique Díaz de León / Elfego Hernán Monzón Aguirre / Carlos Castillo Armas / Luis Arturo González López / Óscar Mendoza Azurdia / Guillermo Flores Avendaño / Miguel Ydígoras Fuentes / Enrique Peralta Azurdia / Julio César Méndez Montenegro / Carlos Manuel Arana Osorio / Kjell Eugenio Laugerud García / Fernando Romeo Lucas García / Efraín Ríos Montt / Óscar Humberto Mejía Víctores / Vinicio Cerezo / Jorge Serrano Elías / Gustavo Adolfo Espina Salguero / Ramiro de León Carpio / Álvaro Arzú / Alfonso Portillo / Óscar Berger / Álvaro Colom / Otto Pérez Molina / Alejandro Maldonado / Jimmy Morales / Alejandro Giammattei / Bernardo Arévalo
50%
Ethiopia (1995-?) Meles Zenawi / Hailemariam Desalegn / Abiy Ahmed
50%
Burundi (1966-?) Michel Micombero / Jean-Baptiste Bagaza / Pierre Buyoya / Melchior Ndadaye / François Ngeze / Sylvie Kinigi / Cyprien Ntaryamira / Sylvestre Ntibantunganya / Pierre Buyoya / Domitien Ndayizeye / Pierre Nkurunziza / Évariste Ndayishimiye
50%
Myanmar (2021-?) Min Aung Hlaing
50%
Cambodia (1993-?) Norodom Ranariddh / Hun Sen / Ung Huot
50%
Finland (1917-?) Pehr Evind Svinhufvud / Juho Kusti Paasikivi / Lauri Ingman / Kaarlo Castrén / Juho Vennola / Rafael Erich / Aimo Cajander / Kyösti Kallio / Antti Tulenheimo / Väinö Tanner / Juho Sunila / Oskari Mantere / Toivo Mikael Kivimäki / Rudolf Holsti / Risto Ryti / Rudolf Walden / Johan Wilhelm Rangell / Edwin Linkomies / Antti Hackzell / Urho Castrén / Carl Enckell / Mauno Pekkala / Karl-August Fagerholm / Urho Kekkonen / Sakari Tuomioja / Ralf Törngren / V. J. Sukselainen / Rainer von Fieandt / Reino Kuuskoski / Eemil Luukka / Martti Miettunen / Ahti Karjalainen / Reino Ragnar Lehto / Johannes Virolainen / Rafael Paasio / Mauno Koivisto / Teuvo Aura / Kalevi Sorsa / Keijo Liinamaa / Eino Uusitalo / Harri Holkeri / Esko Aho / Paavo Lipponen / Anneli Jäätteenmäki / Matti Vanhanen / Mari Kiviniemi / Jyrki Katainen / Alexander Stubb / Juha Sipilä / Antti Rinne / Sanna Marin / Petteri Orpo
50%
Oman (1970-?) Qaboos bin Said Al Said / Haitham bin Tariq Al Said
50%
Turkmenistan (1990-?) Saparmurat Niyazov / Gurbanguly Berdimuhamedow / Serdar Berdimuhamedow
50%
Afghanistan (1992-?) Sibghatullah Mojaddedi / Burhānuddīn Rabbānī / Hamid Karzai / Mohammed Omar / Mohammad Ashraf Ghani Ahmadzai / Hibatullah Akhundzada
50%
Eswatini (1968-?) Sobhuza II / Sozisa Dlamini / Dzeliwe / Ntfombi / Mswati III
50%
Bhutan (1907-?) Ugyen Wangchuck / Jigme Wangchuck / Jigme Dorji Wangchuck / Jigme Singye Wangchuck / Jigme Thinley / Sangay Ngedup / Yeshey Zimba / Khandu Wangchuk / Kinzang Dorji / Sonam Tobgye / Tshering Tobgay / Tshering Wangchuk / Lotay Tshering / Chogyal Dago Rigdzin
50%
Czech Republic (1993-?) Václav Klaus / Josef Tošovský / Miloš Zeman / Vladimír Špidla / Stanislav Gross / Jiří Paroubek / Mirek Topolánek / Jan Fischer / Petr Nečas / Jiří Rusnok / Bohuslav Sobotka / Andrej Babiš / Petr Fiala
50%
Ecuador (1835-?) Vicente Rocafuerte / Juan José Flores / José Joaquín de Olmedo / Vicente Ramón Roca / Manuel de Ascásubi / Diego Noboa / José María Urvina / Francisco Robles / Gabriel García Moreno / Rafael Carvajal / Jerónimo Carrión / Pedro José de Arteta / Javier Espinosa / Francisco Xavier León / José Javier Eguiguren / Antonio Borrero / Ignacio de Veintemilla / Luis Cordero Crespo / José Plácido Caamaño / Pedro José Cevallos / Antonio Flores Jijón / Vicente Lucio Salazar / Eloy Alfaro / Leónidas Plaza / Lizardo García / Carlos Freile Zaldumbide / Emilio Estrada / Francisco Andrade Marín / Alfredo Baquerizo / José Luis Tamayo / Gonzalo Córdova / Isidro Ayora / Luis Larrea Alba / Carlos Freile Larrea / Alberto Guerrero Martínez / Juan de Dios Martínez / Abelardo Montalvo / José María Velasco Ibarra / Antonio Pons / Federico Páez / Alberto Enríquez Gallo / Manuel María Borrero / Aurelio Mosquera / Carlos Alberto Arroyo del Río / Andrés Córdova / Julio Enrique Moreno / Julio Teodoro Salem / Carlos Mancheno Cajas / Mariano Suárez Veintimilla / C. J. Arosemena Tola / Galo Plaza / Camilo Ponce Enríquez / C. J. Arosemena Monroy / Ramón Castro Jijón / Clemente Yerovi / Otto Arosemena / Guillermo Rodríguez Lara / Alfredo Poveda / Jaime Roldós Aguilera / Osvaldo Hurtado / León Febres Cordero / Rodrigo Borja Cevallos / Sixto Durán Ballén / Abdalá Bucaram / Fabián Alarcón / Rosalía Arteaga / Fabián Alarcón / Jamil Mahuad / Gustavo Noboa / Lucio Gutiérrez / Alfredo Palacio / Rafael Correa / Lenín Moreno / Guillermo Lasso / Daniel Noboa
50%
Yemen (Ansar Allah/SPC) (2014-?) Abdul-Malik al-Houthi / Mohammed al-Houthi / Saleh Ali al-Sammad / Mahdi al-Mashat
33%
Yemen (1990-?) Ali Abdullah Saleh Affash / Abdrabbuh Mansur Hadi / Rashad al-Alimi
33%
Bulgaria (1990-?) Andrey Lukanov / Dimitar Popov / Philip Dimitrov / Lyuben Berov / Reneta Indzhova / Zhelyu Zhelev / Zhan Videnov / Petar Stoyanov / Stefan Sofiyanski / Ivan Kostov / Simeon Sakskoburggotski / Sergey Stanishev / Boyko Borisov / Rosen Plevneliev / Marin Raykov / Plamen Oresharski / Georgi Bliznashki / Rumen Radev / Ognyan Gerdzhikov / Stefan Yanev / Kiril Petkov / Galab Donev / Nikolay Denkov / Dimitar Glavchev / Rosen Zhelyazkov / Andrey Gyurov
33%
Paraguay (1844-?) Carlos Antonio López / Francisco Solano López / Facundo Machaín / Cirilo Antonio Rivarola / Salvador Jovellanos / Juan Baustista Gill / Higinio Uriarte / Cándido Bareiro / Bernardino Caballero / Patricio Escobar / Juan Gualberto González / Marcos Morínigo / Juan Bautista Egusquiza / Emilio Aceval / Andrés Héctor Carvallo / Juan Antonio Escurra / Juan Bautista Gaona / Cecilio Báez / Benigno Ferreira / Emiliano González Navero / Manuel Gondra / Albino Jara / Liberato Marcial Rojas / Pedro Pablo Peña / Eduardo Schaerer / Manuel Franco / José Pedro Montero / Eusebio Ayala / Eligio Ayala / Luis Alberto Riart / José Patricio Guggiari / Rafael Franco / Félix Paiva / José Félix Estigarribia / Higinio Morínigo / Juan Manuel Frutos / Juan Natalicio González / Raimundo Rolón / Felipe Molas López / Federico Chaves / Tomás Romero Pereira / Alfredo Stroessner / Andrés Rodríguez / Juan Carlos Wasmosy / Raúl Cubas / Luis González Macchi / Nicanor Duarte / Fernando Lugo / Federico Franco / Horacio Cartes / Mario Abdo / Santiago Peña
33%
Norway (1905-?) Christian Michelsen / Jørgen Løvland / Gunnar Knudsen / Wollert Konow / Jens Bratlie / Otto Bahr Halvorsen / Otto Albert Blehr / Abraham Berge / Johan Ludwig Mowinckel / Ivar Lykke / Christopher Hornsrud / Peder Kolstad / Jens Hundseid / Johan Nygaardsvold / Vidkun Quisling / Ingolf Elster Christensen / Josef Terboven / Einar Gerhardsen / Oscar Torp / John Lyng / Per Borten / Trygve Bratteli / Lars Korvald / Odvar Nordli / Gro Harlem Brundtland / Kåre Willoch / Jan Peder Syse / Thorbjørn Jagland / Kjell Magne Bondevik / Jens Stoltenberg / Erna Solberg / Jonas Gahr Støre
33%
Panama (1903-?) Demetrio H. Brid / José Agustín Arango / Tomás Arias / Federico Boyd / Manuel Espinosa Batista / Manuel Amador Guerrero / José Domingo de Obaldía / Carlos Antonio Mendoza / Pablo Arosemena / Belisario Porras Barahona / Ramón Maximiliano Valdés / Ciro Luis Urriola / Pedro Antonio Díaz / Ernesto Tisdel Lefevre / Rodolfo Chiari / Florencio Harmodio Arosemena / Harmodio Arias Madrid / Ricardo Joaquín Alfaro Jované / Juan Demóstenes Arosemena / Ezequiel Fernández / Augusto Samuel Boyd / Arnulfo Arias / Ricardo Adolfo de la Guardia Arango / Enrique Adolfo Jiménez / Domingo Díaz Arosemena / Daniel Chanis Pinzón / Roberto Francisco Chiari Remón / Alcibíades Arosemena / José Antonio Remón Cantera / José Ramón Guizado / Ricardo Arias / Ernesto de la Guardia / Bernardino González Ruiz / Marco Aurelio Robles / Omar Torrijos / José María Pinilla Fábrega / Bolívar Urrutia Parrilla / Demetrio B. Lakas / Aristides Royo / Rubén Darío Paredes / Ricardo de la Espriella / Manuel Noriega / Jorge Illueca / Nicolás Ardito Barletta Vallarino / Eric Arturo Delvalle / Manuel Solís Palma / Francisco Rodríguez / Guillermo Endara / Ernesto Pérez Balladares / Mireya Moscoso / Martín Torrijos / Ricardo Martinelli / Juan Carlos Varela / Laurentino Cortizo / José Raúl Mulino
33%
Ireland (1937-?) Éamon de Valera / John A. Costello / Seán Lemass / Jack Lynch / Liam Cosgrave / Charles Haughey / Garret FitzGerald / Albert Reynolds / John Bruton / Bertie Ahern / Brian Cowen / Enda Kenny / Leo Varadkar / Micheál Martin / Simon Harris
33%
Barbados (1966-?) Errol Barrow / Tom Adams / Harold Bernard St. John / Erskine Sandiford / Owen Arthur / David Thompson / Freundel Stuart / Mia Mottley
33%
Côte d’Ivoire (1960-?) Félix Houphouët-Boigny / Henri Konan Bédié / Robert Guéï / Laurent Gbagbo / Alassane Ouattara
33%
Belize (1981-?) George Cadle Price / Manuel Esquivel / Said Musa / Dean Barrow / Johnny Briceño
33%
Bahrain (2002-?) Hamad bin Isa bin Salman Al Khalifa
33%
Kosovo (2008-?) Hashim Thaçi / Isa Mustafa / Ramush Haradinaj / Albin Kurti / Avdullah Hoti
33%
Djibouti (1977-?) Hassan Gouled Aptidon / Ismaïl Omar Guelleh
33%
Romania (1989-?) Ion Iliescu / Petre Roman / Theodor Stolojan / Nicolae Văcăroiu / Victor Ciorbea / Emil Constantinescu / Gavril Dejeu / Radu Vasile / Alexandru Athanasiu / Mugur Isărescu / Adrian Năstase / Eugen Bejinariu / Călin Popescu-Tăriceanu / Traian Băsescu / Nicolae Văcăroiu / Emil Boc / Cătălin Predoiu / Mihai Răzvan Ungureanu / Victor Ponta / Crin Antonescu / Klaus Iohannis / Gabriel Oprea / Sorin Cîmpeanu / Dacian Cioloș / Sorin Grindeanu / Mihai Tudose / Mihai Fifor / Viorica Dăncilă / Ludovic Orban / Nicolae Ciucă / Florin Cîțu / Cătălin Predoiu / Marcel Ciolacu / Nicușor Dan
33%
Seychelles (1976-?) James Mancham / France-Albert René / James Michel / Danny Faure / Wavel Ramkalawan / Patrick Herminie
33%
Switzerland (1848-?) Jonas Furrer / Ulrich Ochsenbein / Henri Druey / Josef Munzinger / Stefano Franscini / Friedrich Frey-Herosé / Wilhelm Matthias Naeff / Jakob Stämpfli / Constant Fornerod / Melchior Josef Martin Knüsel / Giovanni Battista Pioda / Jakob Dubs / Karl Schenk / Jean-Jacques Challet-Venel / Emil Welti / Victor Ruffy / Paul Cérésole / Johann Jakob Scherer / Eugène Borel / Joachim Heer / Fridolin Anderwert / Bernhard Hammer / Numa Droz / Simeon Bavier / Wilhelm Hertenstein / Louis Ruchonnet / Adolf Deucher / Walter Hauser / Emil Frey / Josef Zemp / Adrien Lachenal / Eugène Ruffy / Eduard Müller / Ernst Brenner / Robert Comtesse / Marc-Émile Ruchet / Ludwig Forrer / Josef Anton Schobinger / Arthur Hoffmann / Giuseppe Motta / Louis Perrier / Camille Decoppet / Edmund Schulthess / Felix Calonder / Gustave Ador / Robert Haab / Karl Scheurer / Ernest Chuard / Jean-Marie Musy / Heinrich Häberlin / Marcel Pilet-Golaz / Rudolf Minger / Albert Meyer / Johannes Baumann / Philipp Etter / Hermann Obrecht / Ernst Wetter / Enrico Celio / Walther Stampfli / Eduard von Steiger / Karl Kobelt / Ernst Nobs / Max Petitpierre / Rodolphe Rubattel / Josef Escher / Markus Feldmann / Max Weber / Hans Streuli / Thomas Holenstein / Paul Chaudet / Giuseppe Lepori / Friedrich Traugott Wahlen / Jean Bourgknecht / Willy Spühler / Ludwig von Moos / Hans-Peter Tschudi / Hans Schaffner / Roger Bonvin /Rudolf Gnägi / Nello Celio / Pierre Graber / Ernst Brugger / Kurt Furgler / Willi Ritschard / Hans Hürlimann / Georges-André Chevallaz / Fritz Honegger / Pierre Aubert / Leon Schlumpf / Alphons Egli / Rudolf Friedrich / Otto Stich / Jean-Pascal Delamuraz / Elisabeth Kopp / Arnold Koller / Flavio Cotti / René Felber / Adolf Ogi / Kaspar Villiger / Ruth Dreifuss / Moritz Leuenberger / Pascal Couchepin / Ruth Metzler / Joseph Deiss / Samuel Schmid / Micheline Calmy-Rey / Christoph Blocher / Hans-Rudolf Merz / Doris Leuthard / Eveline Widmer-Schlumpf / Ueli Maurer / Didier Burkhalter / Simonetta Sommaruga / Johann Schneider-Ammann / Alain Berset / Guy Parmelin / Ignazio Cassis / Viola Amherd / Karin Keller-Sutter / Albert Rösti / Élisabeth Baume-Schneider / Beat Jans / Martin Pfister
33%
Costa Rica (1848-?) José María Castro Madriz / Miguel Mora Porras / Juan Mora Porras / José María Montealegre Fernández / Jesús Jiménez Zamora / José Castro Madriz / Bruno Carranza Ramírez / Tomás Guardia Gutiérrez / Aniceto Esquivel Sáenz / Vicente Herrera Zeledón / Saturnino Lizano Gutiérrez / Próspero Fernández Oreamuno / Bernardo Soto Alfaro / Carlos Durán Cartín / José Rodríguez Zeledón / Rafael Yglesias Castro / Ascensión Esquivel Ibarra / Cleto González Víquez / Ricardo Jiménez Oreamuno / Alfredo González Flores / Federico Tinoco Granados / Juan Quirós Segura / Francisco Aguilar Barquero / Julio Acosta García / León Cortés Castro / Rafael Calderón Guardia / Teodoro Picado Michalski / Santos León Herrera / José Figueres Ferrer / Otilio Ulate Blanco / Mario Echandi Jiménez / Francisco Orlich Bolmarcich / José Trejos Fernández / Daniel Oduber Quirós / Rodrigo Carazo Odio / Luis Monge Álvarez / Óscar Arias Sánchez / Rafael Calderón Fournier / José Figueres Olsen / Miguel Rodríguez Echeverría / Abel Pacheco de la Espriella / Laura Chinchilla Miranda / Luis Guillermo Solís Rivera / Carlos Alvarado Quesada / Rodrigo Chaves Robles
33%
Croatia (1991-?) Josip Manolić / Franjo Gregurić / Hrvoje Šarinić / Nikica Valentić / Zlatko Mateša / Ivica Račan / Ivo Sanader / Jadranka Kosor / Zoran Milanović / Tihomir Orešković / Andrej Plenković
33%
Uruguay (1830-?) Juan Antonio Lavalleja / Luis Eduardo Pérez / Fructuoso Rivera / Carlos Anaya / Manuel Oribe / Gabriel Antonio Pereira / Joaquín Suárez / Bernardo Prudencio Berro / Juan Francisco Giró / Venancio Flores / Venancio Flores / Luis María Lamas / Manuel Basilio Bustamante / José María Plá / Atanasio Cruz Aguirre / Tomás Villalba / Pedro Varela / Lorenzo Batlle / Tomás Gomensoro Albín / José Eugenio Ellauri / Lorenzo Latorre / Francisco Antonino Vidal / Máximo Santos / Máximo Tajes / Julio Herrera y Obes / Duncan Stewart / Juan Idiarte Borda / Juan Lindolfo Cuestas / José Batlle y Ordóñez / Claudio Williman / Feliciano Viera / Baltasar Brum / José Serrato / Juan Campisteguy / Gabriel Terra / Alfredo Baldomir / Juan José de Amézaga / Tomás Berreta / Luis Batlle Berres / Andrés Martínez Trueba / Alberto Fermín Zubiría / Arturo Lezama / Carlos Fischer / Martín Echegoyen / Benito Nardone / Eduardo Víctor Haedo / Faustino Harrison / Daniel Fernández Crespo / Luis Giannattasio / Washington Beltrán / Alberto Héber Usher / Óscar Diego Gestido / Jorge Pacheco Areco / Juan María Bordaberry / Alberto Demicheli / Aparicio Méndez / Gregorio Álvarez / Rafael Addiego / Julio María Sanguinetti / Luis Alberto Lacalle / Julio María Sanguinetti / Jorge Batlle / Tabaré Vázquez / José Mujica / Tabaré Vázquez / Luis Lacalle Pou / Yamandú Orsi
33%
Tanzania (1964-?) Julius Nyerere / Ali Hassan Mwinyi / Benjamin Mkapa / Jakaya Kikwete / John Magufuli / Samia Suluhu Hassan
33%
Greece (1974-?) Konstantinos G. Karamanlis / Georgios Rallis / Andreas Papandreou / Tzannis Tzannetakis / Ioannis Grivas / Xenophon Zolotas / Konstantinos Mitsotakis / Konstantinos Simitis / Konstantinos A. Karamanlis / George A. Papandreou / Lucas Papademos / Panagiotis Pikrammenos / Antonis Samaras / Alexis Tsipras / Vassiliki Thanou-Christophilou / Kyriakos Mitsotakis / Ioannis Sarmas
33%
Sweden (1876-?) Louis Gerhard De Geer / Arvid Posse / Carl Johan Thyselius / Robert Themptander / Gillis Bildt / Gustaf Åkerhielm / Erik Gustaf Boström / Fredrik von Otter / Johan Ramstedt / Christian Lundeberg / Karl Staaff / Arvid Lindman / Hjalmar Hammarskjöld / Carl Swartz / Nils Edén / Hjalmar Branting / Gerhard Louis De Geer / Oscar von Sydow / Ernst Trygger / Rickard Sandler / Carl Gustaf Ekman / Felix Hamrin / Per Albin Hansson / Axel Pehrsson-Bramstorp / Östen Undén / Tage Erlander / Olof Palme / Thorbjörn Fälldin / Ola Ullsten / Ingvar Carlsson / Carl Bildt / Göran Persson / Fredrik Reinfeldt / Stefan Löfven / Magdalena Andersson / Ulf Kristersson
33%
Cyprus (1960-?) Makarios III / Nikos Sampson / Glafcos Clerides / Spyros Kyprianou / George Vassiliou / Glafcos Clerides / Tassos Papadopoulos / Demetris Christofias / Nicos Anastasiades / Nikos Christodoulides
33%
Benin (1990-?) Mathieu Kérékou / Nicéphore Soglo / Thomas Boni Yayi / Patrice Talon
33%
Montenegro (2006-?) Milo Đukanović / Željko Šturanović / Igor Lukšić / Duško Marković / Zdravko Krivokapić / Dritan Abazović / Milojko Spajić
33%
Morocco (1957-?) Muhammad V / Hassan II / Muhammad VI
33%
Georgia (1991-?) Murman Omanidze / Besarion Gugushvili / Tengiz Sigua / Eduard Shevardnadze / Otar Patsatsia / Zurab Zhvania / Mikheil Saakashvili / Zurab Noghaideli / Giorgi Baramidze / Lado Gurgenidze / Grigol Mgaloblishvili / Nika Gilauri / Vano Merabishvili / Bidzina Ivanishvili / Irakli Garibashvili / Giorgi Kvirikashvili / Mamuka Bakhtadze / Giorgi Gakharia / Maya Tskitishvili / Irakli Garibashvili / Irakli Kobakhidze
33%
Kazakhstan (1990-?) Nursultan Nazarbayev / Kassym-Jomart Tokayev
33%
Dominica (1978-?) Patrick John / Oliver Seraphin / Eugenia Charles / Edison James / Rosie Douglas / Pierre Charles / Osborne Riviere / Roosevelt Skerrit
33%
South Sudan (2011-?) Salva Kiir Mayardit
33%
Malaysia (1957-?) Tunku Abdul Rahman / Abdul Razak bin Hussein / Hussein bin Onn / Mahathir bin Mohamad / Abdullah bin Ahmad Badawi / Mohammad Najib bin Abdul Razak / Muhyiddin bin Mohamad Yassin / Ismail Sabri bin Yaakob / Anwar bin Ibrahim
33%
Moldova (1991-?) Valeriu Muravschi / Andrei Sangheli / Ion Ciubuc / Ion Sturza / Dumitru Braghiș / Vasile Tarlev / Zinaida Greceanîi / Vitalie Pîrlog / Vladimir Filat / Iurie Leancă / Chiril Gaburici / Natalia Gherman / Valeriu Streleț / Gheorghe Brega / Pavel Filip / Maia Sandu / Ion Chicu / Aureliu Ciocoi / Natalia Gavrilița / Dorin Recean / Alexandru Munteanu
33%
Antigua and Barbuda (1981-?) Vere Bird / Lester Bird / Baldwin Spencer / Gaston Browne
33%
Gambia (1996-?) Yahya Jammeh / Adama Barrow
33%
Somalia (2000-?) Abdiqasim Salad Hassan / Abdullahi Yusuf Ahmed / Aden Madobe / Sharif Sheikh Ahmed / Abdiweli Gaas / Abdi Farah Shirdon / Abdiweli Sheikh Ahmed / Omar Sharmarke / Hassan Ali Khaire / Mahdi Mohammed Gulaid / Mohamed Hussein Roble / Hamza Abdi Barre
17%
Kuwait (1961-?) Abdullah Al-Salim Al-Sabah / Sabah Al-Salim Al-Sabah / Jaber Al-Ahmad Al-Sabah / Saad Al-Salim Al-Sabah / Sabah Al-Ahmad Al-Jaber Al-Sabah / Nawaf Al-Ahmad Al-Jaber Al-Sabah / Mishal Al-Ahmad Al-Jaber Al-Sabah
17%
Comoros (1975-?) Ahmed Abdallah / Said Mohamed Jaffar / Ali Soilih / Said Atthoumani / Ahmed Abdallah / Mohamed Ahmed / Said Mohamed Djohar / Combo Ayouba / Mohamed Taki Abdoulkarim / Said Ali Kemal / Caabi El-Yachroutu Mohamed / Mohamed Taki Abdoulkarim / Tadjidine Massounde / Azali Assoumani / Hamada Madi / Ahmed Sambi / Ikililou Dhoinine / Moustadroine Abdou
17%
Jamaica (1962-?) Alexander Bustamante / Donald Sangster / Hugh Shearer / Michael Manley / Edward Seaga / P. J. Patterson / Portia Simpson-Miller / Bruce Golding / Andrew Holness
17%
San Marino (1789-?)* Antonio Onofri / Giambattista Cellini / Camillo Bonelli / Giambattista Bonelli / Bartolomeo Borghesi / Domenico Fattori / Menetto Bonelli / Giuliano Gozi / Gustavo Babboni / Gino Giacomini / Federico Bigi / Giancarlo Ghironzi / Gian Luigi Berti / Giordano Bruno Reffi / Gabriele Gatti / Romeo Morri / Augusto Casali / Fiorenzo Stolfi / Fabio Berardi / Antonella Mularoni / Pasquale Valentini / Nicola Renzi / Luca Beccari
17%
Republic of the Congo (1992-?) Denis Sassou Nguesso / Pascal Lissouba
17%
Western Sahara (1976-?) El-Ouali Mustapha Sayed / Mahfoud Ali Beiba / Mohamed Abdelaziz / Khatri Addouh / Brahim Ghali
17%
Grenada (1974-?) Eric Gairy / Maurice Bishop / Bernard Coard / Hudson Austin / Paul Scoon / Nicholas Brathwaite / Herbert Blaize / Ben Jones / George Brizan / Keith Mitchell / Tillman Thomas / Dickon Mitchell
17%
Tunisia (1957-?) Habib Bourguiba / Zine El Abidine Ben Ali / Fouad Mebazaa / Moncef Marzouki / Beji Caid Essebsi / Mohamed Ennaceur / Kais Saied
17%
Niger (1960-?) Hamani Diori / Seyni Kountché / Ali Saibou / Mahamane Ousmane / Ibrahim Baré Maïnassara / Daouda Malam Wanké / Mamadou Tandja / Salou Djibo / Mahamadou Issoufou / Mohamed Bazoum / Abdourahamane Tchiani
17%
Nauru (1968-?) Hammer DeRoburt / Bernard Dowiyogo / Lagumot Harris / Kennan Adeang / Kenas Aroi / Ruben Kun / Kinza Clodumar / René Harris / Derog Gioura / Ludwig Scotty / Marcus Stephen / Freddie Pitcher / Sprent Dabwido / Baron Waqa / Lionel Aingimea / Russ Kun / David Adeang
17%
Brunei (1984-?) Hassanal Bolkiah Muiz'zaddin Wad'daulah
17%
Malawi (1966-?) Hastings Banda / Bakili Muluzi / Bingu wa Mutharika / Joyce Banda / Peter Mutharika / Lazarus Chakwera / Arthur Peter Mutharika
17%
Madagascar (2014-?) Hery Rajaonarimampianina / Rivo Rakotovao / Andry Rajoelina / Christian Ntsay / Richard Ravalomanana / Michael Randrianirina
17%
Uzbekistan (1990-?) Islam Karimov / Nigmatilla Yuldashev / Shavkat Mirziyoyev
17%
Mozambique (1990-?) Joaquim Chissano / Armando Guebuza / Filipe Nyusi / Daniel Chapo
17%
Fiji (1987-?) Kamisese Mara / Sitiveni Rabuka / Mahendra Chaudhry / Tevita Momoedonu / Laisenia Qarase / Jona Senilagakali / Frank Bainimarama
17%
Zambia (1964-?) Kenneth Kaunda / Frederick Chiluba / Levy Mwanawasa / Rupiah Banda / Michael Sata / Guy Scott / Edgar Lungu / Hakainde Hichilema
17%
Lesotho (1966-?) Leabua Jonathan / Justin Metsing Lekhanya / Elias Phisoana Ramaema / Ntsu Mokhehle / Hae Phoofolo / Pakalitha Mosisili / Tom Thabane / Moeketsi Majoro / Sam Matekane
17%
Guinea-Bissau (1973-?) Luís Cabral / João Bernardo Vieira / Carmen Pereira / Ansumane Mané / Malam Bacai Sanhá / Kumba Ialá / Veríssimo Correia Seabra / Henrique Rosa / Raimundo Pereira / Malam Bacai Sanhá / Mamadu Ture Kuruma / Manuel Serifo Nhamadjo / José Mário Vaz / Umaro Sissoco Embaló / Dinis N'Canha / Horta Inta-A Na Man
17%
Bahamas (1973-?) Lynden Pindling / Hubert Ingraham / Perry Christie / Hubert Minnis / Philip Davis
17%
Thailand (1932-?) Manopakorn Nitithada / Phahon Phonphayuhasena / Plaek Phibunsongkhram / Khuang Aphaiwong / Thawi Bunyaket / Seni Pramoj / Pridi Banomyong / Thawan Thamrongnawasawat / Phin Choonhavan / Sarit Thanarat / Pote Sarasin / Thanom Kittikachorn / Sanya Dharmasakti / Kukrit Pramoj / Sangad Chaloryu / Thanin Kraivichien / Kriangsak Chamanan / Prem Tinsulanonda / Chatichai Choonhavan / Sunthorn Kongsompong / Anand Panyarachun / Suchinda Kraprayoon / Meechai Ruchuphan / Chuan Leekpai / Banharn Silpa-archa / Chavalit Yongchaiyudh / Thaksin Shinawatra / Sonthi Boonyaratglin / Surayud Chulanont / Samak Sundaravej / Somchai Wongsawat / Chavarat Charnvirakul / Abhisit Vejjajiva / Yingluck Shinawatra / Niwatthamrong Boonsongpaisan / Prayut Chan-o-cha / Srettha Thavisin / Phumtham Wechayachai / Paetongtarn Shinawatra / Suriya Juangroongruangkit / Anutin Charnvirakul
17%
Papua New Guinea (1975-?) Michael Somare / Julius Chan / Paias Wingti / Rabbie Namaliu / John Giheno / Bill Skate / Mekere Morauta / Sam Abal / Peter O'Neill / James Marape
17%
Saint Vincent and the Grenadines (1979-?) Milton Cato / James Fitz-Allen Mitchell / Arnhim Eustace / Ralph Gonsalves / Godwin Friday
17%
Mali (1960-?) Modibo Keïta / Moussa Traoré / Amadou Toumani Touré / Alpha Oumar Konaré / Amadou Sanogo / Dioncounda Traoré / Ibrahim Boubacar Keïta / Assimi Goïta / Bah Ndaw
17%
Maldives (1953-?) Mohamed Amin Didi / Ibrahim Muhammad Didi / Ibrahim Nasir Rannabandeyri Kilegefan / Maumoon Abdul Gayoom / Mohamed Nasheed / Mohamed Waheed Hassan Manik / Abdulla Yameen Abdul Gayoom / Ibrahim Mohamed Solih / Mohamed Muizzu
17%
Iceland (1944-?) Ólafur Thors / Stefán Jóhann Stefánsson / Steingrímur Steinþórsson / Hermann Jónasson / Emil Jónsson / Bjarni Benediktsson / Jóhann Hafstein / Ólafur Jóhannesson / Geir Hallgrímsson / Benedikt Gröndal / Gunnar Thoroddsen / Steingrímur Hermannsson / Þorsteinn Pálsson / Davíð Oddsson / Halldór Ásgrímsson / Geir Haarde / Jóhanna Sigurðardóttir / Sigmundur Davíð Gunnlaugsson / Sigurður Ingi Jóhannsson / Bjarni Benediktsson II / Katrín Jakobsdóttir / Kristrún Frostadóttir
17%
Lebanon (1989-?) Omar Karami / Rachid Solh / Rafik Hariri / Salim al-Huss / Najib Mikati / Fu'ad Sanyurah / Sa'ad Hariri / Tammam Salam / Hassan Diyab / Nawaf Salam
17%
Cabo Verde (1975-?) Pedro Pires / Carlos Veiga / Gualberto do Rosário / José Maria Neves / Ulisses Correia e Silva
17%
Nepal (2008-?) Pushpa Kamal Dahal / Madhav Kumar Nepal / Jhala Nath Khanal / Baburam Bhattarai / Khil Raj Regmi / Sushil Koirala / K. P. Sharma Oli / Sher Bahadur Deuba / Sushila Karki
17%
Tajikistan (1991-?) Qahhor Mahkamov / Qadriddin Aslonov / Rahmon Nabiev / Akbarsho Iskandrov / Emomali Rahmon
17%
Botswana (1966-?) Seretse Khama / Quett Masire / Festus Mogae / Ian Khama / Mokgweetsi Masisi / Duma Boko
17%
Armenia (1990-?) Vazgen Manukyan / Gagik Harutyunyan / Khosrov Harutyunyan / Hrant Bagratyan / Armen Sarkissian / Robert Kocharyan / Armen Darbinyan / Vazgen Sargsyan / Aram Sargsyan / Andranik Margaryan / Serzh Sargsyan / Tigran Sargsyan / Hovik Abrahamyan / Karen Karapetyan / Nikol Pashinyan
17%
Sri Lanka (1972-?) William Gopallawa / Junius Richard Jayewardene / Ranasinghe Premadasa / Dingiri Banda Wijetunga / Chandrika Kumaratunga / Mahinda Rajapaksa / Maithripala Sirisena / Gotabaya Rajapaksa / Ranil Wickremesinghe / Anura Kumara Dissanayake
17%
United Arab Emirates (1971-?) Zayed bin Sultan Al Nahyan / Maktoum bin Rashid Al Maktoum / Khalifa bin Zayed Al Nahyan / Mohammed bin Rashid Al Maktoum / Mohamed bin Zayed Al Nahyan
17%
Somaliland (1991-?) Abdirahman Ahmed Ali Tuur / Muhammad Haji Ibrahim Egal / Dahir Riyale Kahin / Ahmed Mohamed Silanyo / Muse Bihi Abdi / Abdirahman Mohamed Irro
0%
Guinea (1958-?) Ahmed Sékou Touré / Louis Lansana Beavogui / Lansana Conté / Moïse Dadis Camara / Sékouba Konaté / Alpha Condé / Mamady Doumbouya
0%
Marshall Islands (1979-?) Amata Kabua / Kunio Lemari / Imata Kabua / Kessai Note / Litokwa Tomeing / Ruben Zackhras / Jurelang Zedkaia / Christopher Loeak / Casten Nemra / Hilda Heine / David Kabua
0%
Kyrgyzstan (1990-?) Askar Akayev / Ishenbai Kadyrbekov / Kurmanbek Bakiyev / Roza Otunbayeva / Almazbek Atambayev / Sooronbay Jeenbekov / Sadyr Japarov / Talant Mamytov
0%
Sierra Leone (1971-?) Christopher Okoro Cole / Siaka Stevens / Joseph Saidu Momoh / Yahya Kanu / Valentine Strasser / Julius Maada Bio / Ahmad Tejan Kabbah / Johnny Paul Koroma / Ernest Bai Koroma
0%
Trinidad and Tobago (1962-?) Eric Williams / George Chambers / A. N. R. Robinson / Patrick Manning / Basdeo Panday / Kamla Persad-Bissessar / Keith Rowley / Stuart Young
0%
Tonga (1970-?) Fatafehi Tuʻipelehake / Siaosi Vaea / ʻUlukālala Lavaka Ata / Feleti Sevele / Sialeʻataongo Tuʻivakanō / 'Akilisi Pōhiva / Semisi Sika / Pōhiva Tuʻiʻonetoa / Siaosi Sovaleni / Samiu Vaipulu / 'Aisake Eke / Fatafehi Fakafānua
0%
Samoa (1959-?) Fiamē Mataʻafa Faumuina Mulinuʻu II / Tupua Tamasese Lealofi IV / Tupuola Efi / Vaʻai Kolone / Tofilau Eti Alesana / Tuilaʻepa Saʻilele Malielegaoi / Fiamē Naomi Mataʻafa / Laʻauli Leuatea Schmidt
0%
Malta (1964-?) Giorgio Borġ Olivier / Dom Mintoff / Karmenu Mifsud Bonnici / Eddie Fenech Adami / Alfred Sant / Lawrence Gonzi / Joseph Muscat / Robert Abela
0%
Palau (1981-?) Haruo Remeliik / Thomas Remengesau Sr. / Alfonso Oiterong / Lazarus Salii / Ngiratkel Etpison / Kuniwo Nakamura / Thomas Remengesau Jr. / Johnson Toribiong / Surangel Samuel Whipps Jr.
0%
Suriname (1975-?) Henck Arron / Dési Bouterse / Fred Ramdat Misier / Ramsewak Shankar / Ivan Graanoogst / Johan Kraag / Ronald Venetiaan / Jules Wijdenbosch / Chan Santokhi / Jennifer Geerlings-Simons
0%
Kiribati (1979-?) Ieremia Tabai / Rota Onorio / Teatao Teannaki / Tekiree Tamuera / Ata Teaotai / Teburoro Tito / Tion Otang / Anote Tong / Taneti Maamau
0%
Transnistria (1991-?) Igor Smirnov / Yevgeny Shevchuk / Vadim Krasnoselsky
0%
Latvia (1990-?) Ivars Godmanis / Valdis Birkavs / Māris Gailis / Andris Šķēle / Guntars Krasts / Vilis Krištopans / Andris Bērziņš / Einars Repše / Indulis Emsis / Aigars Kalvītis / Valdis Dombrovskis / Laimdota Straujuma / Māris Kučinskis / Krišjānis Kariņš / Evika Siliņa
0%
Saint Lucia (1979-?) John Compton / Allan Louisy / Winston Cenac / Michael Pilgrim / Vaughan Lewis / Kenny Anthony / Stephenson King / Allen Chastanet / Philip J. Pierre
0%
Laos (1975-?) Kaysone Phomvihane / Khamtai Siphandon / Choummaly Sayasone / Bounnhang Vorachit / Thongloun Sisoulith
0%
Saint Kitts and Nevis (1983-?) Kennedy Simmonds / Denzil Douglas / Timothy Harris / Terrance Drew
0%
Luxembourg (1868-1940) (1944-?) Lambert Joseph Emmanuel Servais / Félix de Blochausen / Jules Georges Édouard Thilges / Paul Eyschen / Mathias Mongenast / Hubert Loutsch / Victor Thorn / Léon Kauffman / Émile Reuter / Pierre Prüm / Joseph Bech / Pierre Dupong / Pierre Frieden / Pierre Werner / Gaston Egmond Thorn / Jacques Santer / Jean-Claude Juncker / Xavier Bettel / Luc Frieden
0%
Senegal (1960-?) Léopold Sédar Senghor / Abdou Diouf / Abdoulaye Wade / Macky Sall / Bassirou Diomaye Faye
0%
Slovenia (1990-?) Lojze Peterle / Janez Drnovšek / Andrej Bajuk / Anton Rop / Janez Janša / Borut Pahor / Alenka Bratušek / Miro Cerar / Marjan Šarec / Robert Golob
0%
South Ossetia (1996-?) Lyudvig Chibirov / Eduard Kokoity / Vadim Brovtsev / Leonid Tibilov / Anatoly Bibilov / Alan Gagloev
0%
São Tomé and Príncipe (1975-?) Manuel Pinto da Costa / Leonel Mário d'Alva / Miguel Trovoada / Manuel Quintas de Almeida / Fradique de Menezes / Fernando Pereira / Evaristo Carvalho / Carlos Vila Nova
0%
Timor-Leste (2002-?) Mari Alkatiri / José Ramos-Horta / Estanislau da Silva / Xanana Gusmão / Rui Maria de Araújo / Taur Matan Ruak
0%
Mauritania (1960-?) Moktar Ould Daddah / Mustafa Ould Salek / Mohamed Mahmoud Ould Louly / Mohamed Khouna Ould Haidalla / Maaouya Ould Sid'Ahmed Taya / Ely Ould Mohamed Vall / Sidi Ould Cheikh Abdallahi / Mohamed Ould Abdel Aziz / Ba Mamadou Mbaré / Mohamed Ould Ghazouani
0%
North Macedonia (1991-?) Nikola Kljusev / Branko Crvenkovski / Ljubčo Georgievski / Radmila Šekerinska / Hari Kostov / Vlado Bučkovski / Nikola Gruevski / Emil Dimitriev / Zoran Zaev / Oliver Spasovski / Dimitar Kovačevski / Talat Xhaferi / Hristijan Mickoski
0%
Andorra (1982-?) Òscar Ribas Reig / Josep Pintat-Solans / Marc Forné Molné / Albert Pintat / Jaume Bartumeu / Pere López Agràs / Antoni Martí / Gilbert Saboya Sunyé / Xavier Espot Zamora
0%
Solomon Islands (1978-?) Peter Kenilorea / Solomon Mamaloni / Ezekiel Alebua / Francis Billy Hilly / Bartholomew Ulufa'alu / Manasseh Sogavare / Allan Kemakeza / Snyder Rini / Derek Sikua / Danny Philip / Gordon Darcy Lilo / Rick Houenipwela / Jeremiah Manele
0%
Mongolia (1992-?) Puntsagiin Jasrai / Mendsaikhany Enkhsaikhan / Tsakhiagiin Elbegdorj / Janlavyn Narantsatsralt / Nyam-Osoryn Tuyaa / Rinchinnyamyn Amarjargal / Nambaryn Enkhbayar / Miyeegombyn Enkhbold / Sanjiin Bayar / Sükhbaataryn Batbold / Norovyn Altankhuyag / Dendeviin Terbishdagva / Chimediin Saikhanbileg / Jargaltulgyn Erdenebat / Ukhnaagiin Khürelsükh / Luvsannamsrain Oyun-Erdene
0%
Northern Cyprus (1983-?) Rauf Denktaş / Mehmet Ali Talat / Derviş Eroğlu / Mustafa Akıncı / Ersin Tatar / Tufan Erhürman
0%
Namibia (1990-?) Sam Nujoma / Hifikepunye Pohamba / Hage Geingob / Nangolo Mbumba / Netumbo Nandi-Ndaitwah
0%
Mauritius (1968-?) Seewoosagur Ramgoolam / Anerood Jugnauth / Navinchandra Ramgoolam / Paul Bérenger / Pravind Jugnauth
0%
Togo (1960-?) Sylvanus Olympio / Emmanuel Bodjollé / Nicolas Grunitzky / Kléber Dadjo / Gnassingbé Eyadéma / Faure Gnassingbé / Bonfoh Abass / Victoire Tomegah Dzidudu Dogbé
0%
Tuvalu (1978-?) Toaripi Lauti / Tomasi Puapua / Bikenibeu Paeniu / Kamuta Latasi / Ionatana Ionatana / Lagitupu Tuilimu / Faimalaga Luka / Koloa Talake / Saufatu Sopoanga / Maatia Toafa / Apisai Ielemia / Willy Telavi / Enele Sopoaga / Kausea Natano / Feleti Teo
0%
Micronesia (1979-?) Tosiwo Nakayama / John Haglelgam / Bailey Olter / Jacob Nena / Leo Falcam / Joseph Urusemal / Manny Mori / Peter Christian / David Panuelo / Wesley Simina
0%
Abkhazia (1994-?) Vladislav Ardzinba / Sergei Bagapsh / Alexander Ankvab / Valeri Bganba / Raul Khajimba / Aslan Bzhania / Badra Gunba
0%
Lithuania (1990-?) Vytautas Landsbergis / Algirdas Brazauskas / Valdas Adamkus / Rolandas Paksas / Artūras Paulauskas / Dalia Grybauskaitė / Gitanas Nausėda
0%
Vanuatu (1980-?) Walter Lini / Donald Kalpokas / Maxime Carlot Korman / Serge Vohor / Barak Sopé / Edward Natapei / Ham Lini / Sato Kilman / Moana Carcasses Kalosil / Joe Natuman / Charlot Salwai / Bob Loughman / Ishmael Kalsakau / Jotham Napat
0%
No matching quizzes found
Score Distribution
Percent of People with Each Score
Percentile by Number Answered
Your Score History
You have not taken this quiz since the last reset